000 00672cam a22002293a 4500
001 27202
003 PGUSA
005 20140828083604.0
008 081108s2008||||xxu|||||s|||||000 1 eng d
040 _aPGUSA
_beng
042 _adc
050 4 _aPR
100 1 _aReynolds, George W. M.
_q(George William MacArthur),
_d1814-1879
245 1 0 _aWagner, the Wehr-Wolf
_h[electronic resource] /
_cGeorge W. M. Reynolds
260 _bProject Gutenberg,
_c2008
506 _aPublic domain in the USA.
516 _aElectronic text
653 _aWerewolves -- Fiction
830 0 _aProject Gutenberg
_v27202
856 4 0 _uhttp://www.gutenberg.org/ebooks/27202
942 _cEB
999 _c256457
_d256457